| 000 | 00426nam a22001457a 4500 | ||
|---|---|---|---|
| 003 | SISC | ||
| 005 | 20160725103715.0 | ||
| 008 | 160725b xxu||||| |||| 00| 0 eng d | ||
| 020 | _a9780689840340 | ||
| 050 | _aPZ 7 .C7878 2013 | ||
| 245 |
_aGreenwitch : _bthe dark is rising sequence / _cSusan Cooper. |
||
| 260 |
_aNew York : _bMargaret K. McElderry Books, _cc2013. |
||
| 300 |
_a158 p. : _c20 cm. |
||
| 942 |
_2lcc _cBK |
||
| 999 |
_c297891 _d297891 |
||